LEADER 00957nam a2200217 i 4500 001 000000144784 003 CaOOAMICUS 005 20080228000000.0 008 080228n it u000 u ita u 013 $a120142 040 $aSeMil$bita 100 1 $aLa Vaissière, Jules : de .$0(OLS)http://semarc/name/6570 245 10$aElementi di Psicologia sperimentale /$cGiulio de la Vaissière ; traduzione dal francese con aggiunte e note di Francesco Gaetani. 260 $aNapoli :$bFederico e Ardia,$c[1913] 300 $aXV, 393 p. ;$c24 cm. 650 4$aPsicologia - Studi.$0(OLS)http://semarc/subject/2427 700 1 $aGaetani, Francesco Maria .$0(OLS)http://semarc/name/21141 850 $aSeMil 852 $aSeMil$W1$xVenegono$y1$m2R V 48$j97635$B97635$CSeMilBibl$Z2$F105482 $81 996 $6245$aElementi di Psicologia sperimentale$9(OLS)http://semarc/title/211733 996 $6260$aNapoli :$bFederico e Ardia$9(OLS)http://semarc/publisher/34774 LEADER 01218nam a2200277 i 4500 001 000000245135 003 CaOOAMICUS 005 20150924000000.0 008 150924s1927 it u000 u ita u 013 $a224040 040 $aSeMil$bita 100 1 $aFrançois : de Sales,$c.$0(OLS)http://semarc/name/1031 245 13$aIl Trattato dell'amor di Dio /$cFrancesco di Sales ; presentato alla società moderna da Celestina Calleri. 260 $aMilano :$bIstituto Editoriale Italiano,$c1927. 300 $a322 p. ;$c19 cm. 490 0 $aBiblioteca dei santi ;$vVol.4 500 $aFondo card. Giovanni Colombo. 650 4$aFrancesco : di Sales - Opere.$0(OLS)http://semarc/subject/1452 700 1 $aCalleri, Celestina.$0(OLS)http://semarc/name/10321 830 0$aBiblioteca dei santi ;$vVol.4.$0(OLS)http://semarc/title/223 850 $aSeMil 852 $aSeMil$W1$xVenegono$y1$m3GC II 346/A$j195481$B195481$CSeMilBibl$Z2$F206153 $8B 941 1 $a3 961 $aLascito: Colombo Card. Giovanni 996 $6245$aIl Trattato dell'amor di Dio$9(OLS)http://semarc/title/31002 996 $6260$aMilano :$bIstituto Editoriale Italiano$9(OLS)http://semarc/publisher/31153